=LDR 00000nam 2200000 4500 =001 INLIS000000000021445 =005 20130612120315 =008 ***********************************Ind** =035 ##$$0010-061300000021445 =041 ##$$a Ind =082 ##$$a 658.314 =090 ##$$a 658.314, Sia t =100 ##$$a SIAGIAN, Sondang P =245 ##$$a Toeri Motivasi dan Aplikasinya, Sandang P. Siagian =260 ##$$a 1989 $b Jakarta =300 ##$$a xvii, 243 hlm, 21 cm =650 ##$$a Akuntansi Keuangan =850 ##$$a NBPNMAT